000
00273nam a22001217a 4500
008
171123b xxu||||| |||| 00| 0 eng d
041
_a
eng
080
_2
8TH
_a
573
100
_a
11
101
_a
BIO
245
_a
DETERMINATIVE BACTERIOLOGY
_c
BUCHANAN,R.E
942
_2
udc
_c
BK
999
_c
38378
_d
38378